ultimate kotlc quiz - Statistics

General Stats
  • This quiz has been taken 226 times
  • The average score is 5 of 15
Answer Stats
Hint Answer % Correct
the color of the banner that means a tribunal is in progress blue
80%
the shape of the scar on Sophie's hand star
79%
the level one mascot at foxfire academy gremlin
39%
the number of colors Iggy has been nine
39%
the country Mr. Forkle's wanderling is in Norway
35%
according to Tam, what did Keefe have even more of than him hair products
31%
Biana's Team Valiant mascot kelpie
30%
the name the Council was going to give Team Valiant Team Prodigious
28%
sunlight, moonlight, and starlight the Prime Sources
28%
the name of Dex's house Rimeshire
27%
the vegetable Lady Cadence used for her studies curdleroots
18%
the bridge Sophie and Dex found an illegal leaping crystal in(use i's for roman numerals) Pont Alexandre iii
12%
the flowers Calla grew to help Sophie sleep reveriebells
11%
what Keefe called Sophie's bed head pineappple-head
10%
the museum Fitz found Sophie in Natural History Museum
8%
No matching quizzes found
Score Distribution
Percent of People with Each Score
Percentile by Number Answered
Your Score History
You have not taken this quiz